Normal view
MARC view
- Willumsen, Luis G.
Entry Personal Name
001 - CONTROL NUMBER
- control field: 33906
003 - CONTROL NUMBER IDENTIFIER
- control field: OSt
005 - DATE AND TIME OF LATEST TRANSACTION
- control field: 20131001160718.0
008 - FIXED-LENGTH DATA ELEMENTS
- fixed length control field: 131001|| aca||aabn | a|a d
040 ## - CATALOGING SOURCE
- Original cataloging agency: OSt
- Transcribing agency: OSt
100 ## - HEADING--PERSONAL NAME
- Personal name: Willumsen, Luis G.
670 ## - SOURCE DATA FOUND
- Source citation: Work cat.: (OSt)0: Ortúzar, Juan de Dios (Ortúzar Salas), 1949- 33902, Modelling Transport /, 2011.